000 00350nam a22001457a 4500
008 230929b |||||||| |||| 00| 0 eng d
082 _a105.32
100 _aJ.P. Kanter
245 _aThin -Clint/ Server Computing
_cJ.P. Kanter
260 _aNew Delhi
_bPHI
_c1998
300 _a201
650 _aBB CSE
796 _aJ.P. Kanter
942 _2ddc
_cBK
999 _c20275
_d20275